SI Swimsuit Covers Quiz Stats

 Plays Quiz Retired Jun 22, 2021

Support Sporcle.
Go Orange.
Score 0/57 Timer 08:00
0 Plays Today
Year Model(s) % Correct
2012Kate Upton
66%
2013Kate Upton
66%
1996Valeria Mazza and Tyra Banks
64.7%
1997Tyra Banks
64.7%
2017Kate Upton
63.9%
2019Tyra Banks, Camille Kostek, Alex Morgan
58.4%
2006All Star Cast
50.1%
1998Heidi Klum
49.1%
1994Kathy Ireland, Elle Macpherson, and Rachel Hunter
48.4%
1986Elle Macpherson
44.1%
1987Elle Macpherson
44.1%
1988Elle Macpherson
44.1%
1989Kathy Ireland
42.7%
1992Kathy Ireland
42.7%
2008Marisa Miller
38.5%
1979Christie Brinkley
36%
1980Christie Brinkley
36%
1981Christie Brinkley
36%
1970Cheryl Tiegs
27.9%
1975Cheryl Tiegs
27.9%
1983Cheryl Tiegs
27.9%
2007Beyoncé Knowles
24.9%
2016Ronda Rousey, Ashley Graham, and Hailey Clauson
23.2%
2014Nina Agdal, Lily Aldridge, and Chrissy Teigen
22%
2015Hannah Davis
19.9%
2010Brooklyn Decker
15.2%
2020Kate Bock, Jasmine Sanders, Olivia Culpo
12.2%
1984Paulina Porizkova
10.9%
1985Paulina Porizkova
10.9%
Year Model(s) % Correct
1982Carol Alt
10.4%
2009Bar Refaeli
10.3%
2018Danielle Herrington
10%
2003Petra Němcová
9.8%
1999Rebecca Romijn
8.8%
1993Vendela Kirsebom
7.8%
2001Elsa Benitez
6.9%
2002Yamila Diaz
6.5%
1995Daniela Pestova
5.1%
2000Daniela Pestova
5.1%
2004Veronica Varekova
4.2%
2005Carolyn Murphy
4.2%
2011Irina Shayk
4.1%
1991Ashley (Richardson) Montana
4%
1990Judit Masco
2.8%
1964Babette March
2.7%
1965Sue Peterson
2.4%
1976Yvette and Yvonne Sylvander
2.2%
1978Maria Joao
2.2%
1973Dayle Haddon
2.1%
1977Lena Kansbod
2%
1966Sunny Bippus
2%
1969Jamee Becker
2%
1968Turia Mau
1.8%
1974Ann Simonton
1.8%
1967Marilyn Tindall
1.8%
1972Shelia Roscoe
1.7%
1971Tannia Rubiano
1.6%

From the Vault

Spanish: Foods

by Ben

I never knew that my late night Mexican food addiction made me so fluent.
Remove Ads.
Support Sporcle.
Get the best of Sporcle when you Go Orange. This ad-free experience offers more features, more stats, and more fun while also helping to support Sporcle. Thank you for becoming a member.

Show Comments

Extras

Top Quizzes Today


Score Distribution

Your Account Isn't Verified!

In order to create a playlist on Sporcle, you need to verify the email address you used during registration. Go to your Sporcle Settings to finish the process.

Report this User

Report this user for behavior that violates our Community Guidelines.

Details: